Land vs. Land #78 - Statistiken

Allgemein
  • Dieses Quiz wurde 27 mal gespielt
  • Das Durchschnittsergebnis liegt bei 12 aus 14
Antwortstatistiken
Frage Antwort % Korrekt
...Fläche? USA🇺🇸
100%
...Einwohner? USA🇺🇸
100%
...Bruttoinlandsprodukt? USA🇺🇸
100%
...Militär? USA🇺🇸
100%
...Exportmengen? USA🇺🇸
100%
...Gewinner? USA🇺🇸
100%
...Bruttoinlandsprodukt pro Kopf? USA🇺🇸
92%
...Tourismus? USA🇺🇸
92%
...HDI (Human Development Index)? USA🇺🇸
88%
...Happy Planet Index? Kroatien🇭🇷
67%
...Frieden? Kroatien🇭🇷
63%
...Lebenserwartung? USA🇺🇸
63%
...durchschnittlicher IQ? USA🇺🇸
63%
...Gesundheitswesen? Kroatien🇭🇷
38%
Keine übereinstimmenden Quizze gefunden
Verteilung der Resultate
Anzahl Personen mit jedem Resultat
Perzentil nach korrekt beantworteten Fragen
Ihre Resultats-Entwicklung
Sie haben dieses Quiz noch nicht gespielt